[Event "Junior Online 4NCL Division 2"]
[Site "online"]
[Date "2021.04.01"]
[EventDate "2021.04.01"]
[Round "6.12"]
[White "Cooper, Dylan E"]
[WhiteElo "1579"]
[WhiteTeam "Staffordshire Spitfires"]
[Black "Liu, Franklin"]
[BlackElo "1307"]
[BlackTeam "Ojays E"]
[Result "1/2-1/2"]
[PlyCount "121"]

1. d4 Nf6 2. Bg5 e6 3. e4 d6 4. Bxf6 Qxf6 5. Nc3 Nc6 6. Nf3 Be7 7. Qd2 Bd7 8. O-O-O O-O-O 9. Kb1 Kb8 10. Bb5 a6 11. Bxc6 Bxc6 12. d5 exd5 13. exd5 Bd7 14. Ne4 Qg6 15. Ng3 Rhe8 16. h4 f6 17. h5 Qf7 18. h6 g6 19. c4 f5 20. Nd4 Bf6 21. Nge2 Qe7 22. Rhe1 Qf7 23. Nf4 Bxd4 24. Qxd4 g5 25. Nd3 f4 26. Qg7 Qg6 27. Qxg6 hxg6 28. h7 Bf5 29. Kc2 Bxd3+ 30. Kxd3 Rh8 31. Re7 Kc8 32. Rde1 b6 33. Ke4 Rxh7 34. Rxh7 Re8+ 35. Kf3 Rxe1 36. Kg4 Re2 37. Kf3 Rxb2 38. Rg7 Rxa2 39. Rxg6 a5 40. Rxg5 a4 41. Rg8+ Kb7 42. Re8 Rc2 43. Re1 Rxc4 44. g3 fxg3 45. fxg3 a3 46. g4 Rb4 47. g5 Ra4 48. g6 Ra8 49. Kg4 Rg8 50. Kf5 b5 51. Rb1 c6 52. dxc6+ Kxc6 53. Rb3 a2 54. Ra3 Rf8+ 55. Ke6 Rf2 56. g7 Re2+ 57. Kf6 Rf2+ 58. Ke6 Re2+ 59. Kf6 Rf2+ 60. Ke7 Re2+ 61. Kf6 {[W: 0:00:07; B: 0:05:23]} 1/2-1/2

[Event "Junior Online 4NCL Division 2"]
[Site "online"]
[Date "2021.04.01"]
[EventDate "2021.04.01"]
[Round "6.13"]
[White "Rivera Machens, Rafael"]
[WhiteElo "1295"]
[WhiteTeam "Ojays E"]
[Black "Stanley, Isaac"]
[BlackElo "1204"]
[BlackTeam "Staffordshire Spitfires"]
[Result "1-0"]
[PlyCount "65"]

1. e4 e6 2. d4 d5 3. exd5 exd5 4. Bf4 Nf6 5. Nc3 c5 6. Nb5 Na6 7. Nf3 Bg4 8. Be2 Bxf3 9. Bxf3 Qb6 10. a4 c4 11. O-O Be7 12. Re1 Qd8 13. Nd6+ Kf8 14. Nf5 g6 15. Bh6+ Ke8 16. Ng7+ Kd7 17. Re5 Nc7 18. Bg4+ Ne6 19. Bxe6+ fxe6 20. Nxe6 Qb6 21. b3 Bd6 22. Re1 Rae8 23. Qe2 Ne4 24. f3 Rxe6 25. fxe4 dxe4 26. Be3 cxb3 27. d5 Qb4 28. dxe6+ Kxe6 29. Qg4+ Kf7 30. Rf1+ Kg7 31. Rad1 Bf8 32. Bd4+ Kg8 33. Qe6# {[W: 0:00:49; B: 0:01:59]} 1-0

[Event "Junior Online 4NCL Division 2"]
[Site "online"]
[Date "2021.04.01"]
[EventDate "2021.04.01"]
[Round "6.14"]
[White "Boddu, Devansh"]
[WhiteElo "895"]
[WhiteTeam "Staffordshire Spitfires"]
[Black "Lakha, Leila"]
[BlackElo "1233"]
[BlackTeam "Ojays E"]
[Result "0-1"]
[PlyCount "50"]

1. d4 d5 2. c4 c6 3. Nc3 Nf6 4. Bf4 Bf5 5. Nf3 e6 6. e3 c5 7. Be2 Nc6 8. O-O h6 9. Qd2 Bd6 10. Bxd6 Qxd6 11. Rad1 O-O 12. Rfe1 a6 13. dxc5 Qxc5 14. a3 Ne4 15. Qc2 Nxf2 16. Rc1 Bxc2 17. Nd4 Nxd4 18. exd4 Qxd4 19. Rf1 Nd3+ 20. Kh1 Nxc1 21. Rxc1 Qd2 22. Rf1 b5 23. cxb5 axb5 24. Nxb5 Qxe2 25. Nc3 Qxf1# {[W: 0:06:35; B: 0:04:10]} 0-1

[Event "Junior Online 4NCL Division 2"]
[Site "online"]
[Date "2021.04.01"]
[EventDate "2021.04.01"]
[Round "6.15"]
[White "Hirst, Joe"]
[WhiteElo "1879"]
[WhiteTeam "Staffordshire Spitfires"]
[Black "Griffith, Theodore"]
[BlackElo "1312"]
[BlackTeam "Ojays E"]
[Result "1-0"]
[PlyCount "40"]

1. e4 e6 2. d4 d5 3. Nd2 dxe4 4. Nxe4 Nd7 5. Nf3 Ngf6 6. Nxf6+ Nxf6 7. g3 Bd6 8. Bg2 O-O 9. O-O Re8 10. Bg5 h6 11. Be3 b6 12. Ne5 Rb8 13. Nc6 Qd7 14. Nxb8 Qb5 15. Bc6 Qxb2 16. Bxe8 Nxe8 17. Qf3 Qxc2 18. Rfc1 Qb2 19. Qc6 Nf6 20. Qc2 Qxc2 {[W: 0:07:01; B: 0:09:15]} 1-0

[Event "Junior Online 4NCL Division 2"]
[Site "online"]
[Date "2021.04.01"]
[EventDate "2021.04.01"]
[Round "6.16"]
[White "Liu, Franklin"]
[WhiteElo "1307"]
[WhiteTeam "Ojays E"]
[Black "Cooper, Dylan E"]
[BlackElo "1579"]
[BlackTeam "Staffordshire Spitfires"]
[Result "0-1"]
[PlyCount "46"]

1. e4 e6 2. d4 d5 3. exd5 exd5 4. Nf3 Nc6 5. Be3 Bg4 6. Be2 Qd7 7. Nc3 O-O-O 8. Qd2 Bb4 9. a3 Bxc3 10. Qxc3 Nf6 11. O-O-O Ne4 12. Qd3 Bf5 13. Qb3 Rhe8 14. h3 Nxf2 15. Bxf2 Rxe2 16. Rhf1 Rxc2+ 17. Kb1 Rc3+ 18. Ka2 Rxb3 19. Kxb3 Na5+ 20. Ka2 Qb5 21. Nd2 Nc4 22. Nb3 Bc2 23. Nc5 Qxb2# {[W: 0:08:20; B: 0:07:46]} 0-1

[Event "Junior Online 4NCL Division 2"]
[Site "online"]
[Date "2021.04.01"]
[EventDate "2021.04.01"]
[Round "6.17"]
[White "Stanley, Isaac"]
[WhiteElo "1204"]
[WhiteTeam "Staffordshire Spitfires"]
[Black "Rivera Machens, Rafael"]
[BlackElo "1295"]
[BlackTeam "Ojays E"]
[Result "1-0"]
[PlyCount "107"]

1. Nf3 d5 2. g3 Nf6 3. Bg2 e6 4. d4 g6 5. c4 Bg7 6. Nc3 O-O 7. Bg5 Nbd7 8. O-O c6 9. Re1 Nb6 10. cxd5 Nbxd5 11. Nxd5 cxd5 12. e4 Bd7 13. e5 h6 14. exf6 Bxf6 15. Bxh6 Bg7 16. Bxg7 Kxg7 17. Qb3 b6 18. Ne5 Qe7 19. Rec1 Rac8 20. Rxc8 Rxc8 21. Qa3 Qxa3 22. bxa3 Rc3 23. Nxd7 Rxa3 24. Nb8 Rd3 25. Nc6 a5 26. Rb1 Kf8 27. Rxb6 Ke8 28. Nxa5 Rxd4 29. Rb8+ Kd7 30. Rb7+ Kd6 31. Rxf7 Rd1+ 32. Bf1 Ra1 33. Nb7+ Ke5 34. f4+ Kd4 35. Rf6 Ke3 36. Rxe6+ Kf3 37. Rxg6 Ke3 38. Re6+ Kf3 39. f5 Rxa2 40. f6 Ra7 41. Nd6 Ra8 42. f7 Rf8 43. Re8 Rxe8 44. fxe8=Q Kg4 45. Qg6+ Kf3 46. Bg2+ Ke3 47. Qf5 Kd4 48. Qxd5+ Ke3 49. Nf5+ Ke2 50. Qd4 Ke1 51. Nh4 Ke2 52. h3 Ke1 53. Nf3+ Ke2 54. Qd2# {[W: 0:03:54; B: 0:06:49]} 1-0

[Event "Junior Online 4NCL Division 2"]
[Site "online"]
[Date "2021.04.01"]
[EventDate "2021.04.01"]
[Round "6.18"]
[White "Lakha, Leila"]
[WhiteElo "1233"]
[WhiteTeam "Ojays E"]
[Black "Boddu, Devansh"]
[BlackElo "895"]
[BlackTeam "Staffordshire Spitfires"]
[Result "1-0"]
[PlyCount "31"]

1. e4 Nf6 2. e5 Nd5 3. d4 g6 4. Nf3 Bg7 5. h3 O-O 6. Bc4 e6 7. Bd2 Nc6 8. Bg5 Qe8 9. O-O b6 10. Qd2 Bb7 11. Bh6 Bxh6 12. Qxh6 Qe7 13. c3 Na5 14. Bd3 Bc6 15. Ng5 Nf4 16. Qxh7# {[W: 0:04:26; B: 0:07:08]} 1-0

[Event "Junior Online 4NCL Division 2"]
[Site "online"]
[Date "2021.04.01"]
[EventDate "2021.04.01"]
[Round "6.21"]
[White "Ye, Tim"]
[WhiteElo "1488"]
[WhiteTeam "Manchester Juniors C"]
[Black "Syposz, Adam"]
[BlackElo "1315"]
[BlackTeam "Cambridge Chess & Go B"]
[Result "0-1"]
[PlyCount "93"]

1. e4 e5 2. Nf3 d6 3. Bc4 Bg4 4. d3 Nc6 5. h3 Bh5 6. Be3 h6 7. Nbd2 Nf6 8. c3 d5 9. Bb5 d4 10. cxd4 exd4 11. Bf4 Bd6 12. Bxd6 Qxd6 13. g4 Bg6 14. Nc4 Qb4+ 15. Ncd2 Qxb5 16. Nb3 O-O 17. Rb1 h5 18. g5 Nd7 19. h4 Nb4 20. Nc1 Nc5 21. Ne5 Ncxd3+ 22. Ncxd3 Nxd3+ 23. Nxd3 Bxe4 24. Rh3 Rfe8 25. Kf1 c5 26. Rc1 c4 27. Nf4 c3+ 28. Nd3 cxb2 29. Rb1 Rac8 30. Rxb2 Qa6 31. Kg1 Rc3 32. Nf4 Rxh3 33. Nxh3 d3 34. Nf4 Rd8 35. Rd2 g6 36. Qe1 Qa4 37. Qe3 Qc4 38. f3 Bf5 39. Kg2 Rd4 40. Kg3 b5 41. Qe5 b4 42. Qb8+ Kg7 43. Qxa7 Rxf4 44. Qe3 Rxh4 45. f4 Rh3+ 46. Kf2 Rxe3 47. Kxe3 {[W: 0:00:38; B: 0:02:11]} 0-1

[Event "Junior Online 4NCL Division 2"]
[Site "online"]
[Date "2021.04.01"]
[EventDate "2021.04.01"]
[Round "6.22"]
[White "Yuan, Derek"]
[WhiteElo "1292"]
[WhiteTeam "Cambridge Chess & Go B"]
[Black "Fung, Marcus"]
[BlackElo "1435"]
[BlackTeam "Manchester Juniors C"]
[Result "1-0"]
[PlyCount "105"]

1. e4 e5 2. Nf3 Nc6 3. Bb5 Bc5 4. O-O d6 5. h3 f5 6. exf5 Bxf5 7. Bxc6+ bxc6 8. Nc3 Qf6 9. d3 Qg6 10. Nh4 Qf6 11. Nxf5 Qxf5 12. Ne2 Ne7 13. Ng3 Qf6 14. Ne4 Qg6 15. Nxc5 dxc5 16. Be3 Nf5 17. Qg4 Nxe3 18. Qxg6+ hxg6 19. fxe3 Kd7 20. e4 Kd6 21. Rf7 Rab8 22. Rxg7 Rxb2 23. Rxg6+ Kd7 24. Rf1 Rxc2 25. Rf7+ Kc8 26. Rgg7 Kb7 27. Rxc7+ Kb6 28. Rxa7 Rc1+ 29. Kh2 Rb8 30. a4 c4 31. a5+ Kb5 32. dxc4+ Kxc4 33. Rac7 Kb5 34. h4 Ka6 35. h5 Kxa5 36. h6 Rh8 37. Rh7 Rg8 38. Rhg7 Rh8 39. h7 c5 40. Rg8 Rxh7+ 41. Rxh7 Kb4 42. Rh3 c4 43. Rc8 Rc3 44. g4 Rc2+ 45. Kg3 Rc1 46. Kh4 Re1 47. g5 Rxe4+ 48. Kh5 Rf4 49. g6 Rf5+ 50. Kh6 Rf6 51. Kh7 c3 52. g7 Rf7 53. Rcxc3 {[W: 0:09:26; B: 0:07:59]} 1-0

[Event "Junior Online 4NCL Division 2"]
[Site "online"]
[Date "2021.04.01"]
[EventDate "2021.04.01"]
[Round "6.23"]
[White "Correa, Rebecca"]
[WhiteElo "1393"]
[WhiteTeam "Manchester Juniors C"]
[Black "Ke, Kevin"]
[BlackElo "1242"]
[BlackTeam "Cambridge Chess & Go B"]
[Result "0-1"]
[PlyCount "96"]

1. d4 d5 2. Nf3 Nc6 3. Bf4 Nf6 4. h3 Bf5 5. c3 g6 6. e3 Bg7 7. Be2 O-O 8. O-O Nh5 9. Bh2 Nf6 10. Nbd2 a5 11. Rc1 b6 12. c4 Nb4 13. a3 Nd3 14. Bxd3 Bxd3 15. Re1 Ne4 16. cxd5 Qxd5 17. Nxe4 Bxe4 18. Rxc7 e6 19. Qe2 Bxf3 20. Qxf3 Qxf3 21. gxf3 Rac8 22. Rec1 Rxc7 23. Rxc7 Re8 24. Rb7 e5 25. dxe5 Bxe5 26. Bxe5 Rxe5 27. Rxb6 Rg5+ 28. Kh2 h5 29. h4 Rf5 30. Kg3 g5 31. hxg5 Rxg5+ 32. Kh3 Rf5 33. f4 Kg7 34. Kh4 f6 35. Rb7+ Kg6 36. Ra7 Rb5 37. Ra6 Rxb2 38. Rxa5 Rxf2 39. Rxh5 Rf3 40. Kg4 Rxe3 41. Rh3 f5+ 42. Kh4 Re4 43. Rf3 Kf6 44. Kh5 Rd4 45. Kh6 Ra4 46. Kh5 Re4 47. Kh6 Re8 48. Rb3 Rh8# {[W: 0:06:39; B: 0:07:50]} 0-1

[Event "Junior Online 4NCL Division 2"]
[Site "online"]
[Date "2021.04.01"]
[EventDate "2021.04.01"]
[Round "6.24"]
[White "Lee, Isaac"]
[WhiteElo "1219"]
[WhiteTeam "Cambridge Chess & Go B"]
[Black "Benhamida, Jude"]
[BlackElo "1360"]
[BlackTeam "Manchester Juniors C"]
[Result "0-1"]
[PlyCount "64"]

1. e4 e5 2. Nf3 Nc6 3. d4 exd4 4. Nxd4 Nf6 5. Nxc6 bxc6 6. Nc3 d5 7. exd5 cxd5 8. Bb5+ Bd7 9. Bxd7+ Qxd7 10. O-O Be7 11. Bg5 d4 12. Bxf6 Bxf6 13. Re1+ Be7 14. Ne4 O-O 15. c3 c5 16. cxd4 cxd4 17. Nc3 Rfe8 18. Rc1 Bb4 19. Rxe8+ Rxe8 20. g3 Qd8 21. Ne2 d3 22. Nc3 d2 23. Qc2 Re1+ 24. Rxe1 dxe1=Q+ 25. Kg2 Bxc3 26. bxc3 Qd5+ 27. Kh3 Qee6+ 28. Kh4 Qee4+ 29. Qxe4 Qxe4+ 30. Kh3 h6 31. a3 g5 32. g4 Qf3# {[W: 0:07:48; B: 0:05:29]} 0-1

[Event "Junior Online 4NCL Division 2"]
[Site "online"]
[Date "2021.04.01"]
[EventDate "2021.04.01"]
[Round "6.25"]
[White "Syposz, Adam"]
[WhiteElo "1315"]
[WhiteTeam "Cambridge Chess & Go B"]
[Black "Ye, Tim"]
[BlackElo "1488"]
[BlackTeam "Manchester Juniors C"]
[Result "0-1"]
[PlyCount "50"]

1. e4 e5 2. Nf3 Nc6 3. Bc4 Nf6 4. Ng5 d5 5. Bb3 h6 6. Nh3 Nxe4 7. d3 Nf6 8. O-O Bxh3 9. gxh3 Qd7 10. Qf3 O-O-O 11. Be3 e4 12. dxe4 dxe4 13. Qg3 Bd6 14. Qg2 Rhe8 15. Ba4 Rg8 16. Bb5 a6 17. Ba4 b5 18. Bb3 Ne5 19. Nc3 Nf3+ 20. Kh1 Nxh2 21. Nxe4 Nxe4 22. Qxe4 Qxh3 23. Qg2 Qh5 24. Rad1 Nf3+ 25. Qh2 Qxh2# {[W: 0:07:39; B: 0:07:33]} 0-1

[Event "Junior Online 4NCL Division 2"]
[Site "online"]
[Date "2021.04.01"]
[EventDate "2021.04.01"]
[Round "6.26"]
[White "Fung, Marcus"]
[WhiteElo "1435"]
[WhiteTeam "Manchester Juniors C"]
[Black "Yuan, Derek"]
[BlackElo "1292"]
[BlackTeam "Cambridge Chess & Go B"]
[Result "1-0"]
[PlyCount "33"]

1. d4 f5 2. Bf4 Nc6 3. e3 Nf6 4. Bd3 e6 5. c3 Bd6 6. Bg3 Bxg3 7. hxg3 b6 8. Ne2 Bb7 9. f3 Qe7 10. Nd2 O-O-O 11. b4 Kb8 12. a4 g5 13. a5 bxa5 14. bxa5 e5 15. Qb3 exd4 16. a6 dxc3 17. Qxb7# {[W: 0:10:29; B: 0:09:18]} 1-0

[Event "Junior Online 4NCL Division 2"]
[Site "online"]
[Date "2021.04.01"]
[EventDate "2021.04.01"]
[Round "6.27"]
[White "Ke, Kevin"]
[WhiteElo "1242"]
[WhiteTeam "Cambridge Chess & Go B"]
[Black "Correa, Rebecca"]
[BlackElo "1393"]
[BlackTeam "Manchester Juniors C"]
[Result "0-1"]
[PlyCount "98"]

1. d4 Nf6 2. Nc3 g6 3. e4 d6 4. Nf3 Bg7 5. Bf4 O-O 6. Bc4 Nbd7 7. O-O Re8 8. Qd3 Nb6 9. Bb5 Bd7 10. Bxd7 Qxd7 11. e5 dxe5 12. dxe5 Qxd3 13. cxd3 Nfd5 14. Nxd5 Nxd5 15. Be3 Nxe3 16. fxe3 Rad8 17. Rfd1 Rd5 18. d4 Bh6 19. Kf2 f6 20. Rac1 c6 21. Rc5 Red8 22. Rdc1 Kf7 23. Rxd5 Rxd5 24. Rc5 Rxc5 25. dxc5 fxe5 26. Nxe5+ Ke6 27. Nd3 Bg7 28. b3 Kd5 29. b4 Kc4 30. Ke2 Bc3 31. a3 Kb3 32. Kd1 Kxa3 33. Kc2 Bxb4 34. Nxb4 Kxb4 35. Kd3 Kxc5 36. Ke4 a5 37. Kd3 a4 38. Kc2 b5 39. g4 b4 40. h3 a3 41. Kb3 Kb5 42. e4 c5 43. e5 c4+ 44. Ka2 Ka4 45. e6 b3+ 46. Ka1 c3 47. Kb1 a2+ 48. Ka1 Ka3 49. g5 b2# {[W: 0:05:51; B: 0:05:01]} 0-1

[Event "Junior Online 4NCL Division 2"]
[Site "online"]
[Date "2021.04.01"]
[EventDate "2021.04.01"]
[Round "6.28"]
[White "Benhamida, Jude"]
[WhiteElo "1360"]
[WhiteTeam "Manchester Juniors C"]
[Black "Lee, Isaac"]
[BlackElo "1219"]
[BlackTeam "Cambridge Chess & Go B"]
[Result "1-0"]
[PlyCount "63"]

1. e4 e5 2. Nf3 Nc6 3. Bc4 Bc5 4. Nc3 Nf6 5. d3 h6 6. Nd5 Nxd5 7. Bxd5 Nb4 8. Bc4 Nc6 9. c3 O-O 10. b4 Bb6 11. a4 a5 12. b5 Na7 13. Nxe5 Qf6 14. d4 Re8 15. O-O Rf8 16. Ng4 Qg6 17. Ne5 Qf6 18. Qh5 d6 19. Ng4 Bxg4 20. Qxg4 Rfe8 21. Be3 Rad8 22. Rad1 c6 23. e5 dxe5 24. dxe5 Rxd1 25. exf6 Rxf1+ 26. Kxf1 g6 27. Bxb6 Nc8 28. Be3 cxb5 29. Bxb5 Re6 30. Bc4 Rxf6 31. Qxc8+ Kg7 32. Bd4 {[W: 0:07:44; B: 0:09:38]} 1-0

[Event "Junior Online 4NCL Division 2"]
[Site "online"]
[Date "2021.04.01"]
[EventDate "2021.04.01"]
[Round "6.31"]
[White "Gunatilake, Dyansa"]
[WhiteElo "1163"]
[WhiteTeam "Bristol Bishops"]
[Black "Madoc, Arthur"]
[BlackElo "1160"]
[BlackTeam "Warwickshire Bears F"]
[Result "0-1"]
[PlyCount "112"]

1. e4 e5 2. Nf3 Nc6 3. Bc4 Bc5 4. Nc3 Nf6 5. d3 O-O 6. Bg5 d6 7. h3 h6 8. Be3 Bb6 9. O-O Be6 10. Bb3 Nd4 11. Bxd4 exd4 12. Bxe6 fxe6 13. Nd5 Nxd5 14. exd5 e5 15. Re1 Qf6 16. Qd2 Qg6 17. Rad1 Rxf3 18. Kf1 Rff8 19. Re4 Qf7 20. f3 Qg6 21. h4 Qg3 22. Qf2 Qxf2+ 23. Kxf2 Rae8 24. Ke2 Rf4 25. Rxf4 exf4+ 26. Kd2 Re3 27. c3 dxc3+ 28. bxc3 Kf7 29. c4 Ba5+ 30. Kc2 Re2+ 31. Kb3 b6 32. a4 Kf6 33. Rg1 Re3 34. Kc2 Ke5 35. g3 g5 36. hxg5 hxg5 37. Rg2 Rxf3 38. gxf4+ gxf4 39. Rg1 Kd4 40. Kd1 Rxd3+ 41. Ke2 Re3+ 42. Kf2 Kxc4 43. Rg2 Kxd5 44. Rg1 Ke4 45. Rg2 d5 46. Rg1 c5 47. Rd1 d4 48. Rc1 d3 49. Rf1 Re2+ 50. Kg1 Ke3 51. Rd1 d2 52. Kf1 c4 53. Kg1 Re1+ 54. Rxe1+ dxe1=Q+ 55. Kg2 Qh4 56. Kf1 Qf2# {[W: 0:07:10; B: 0:08:38]} 0-1

[Event "Junior Online 4NCL Division 2"]
[Site "online"]
[Date "2021.04.01"]
[EventDate "2021.04.01"]
[Round "6.32"]
[White "Manyam, Satvik"]
[WhiteElo "1136"]
[WhiteTeam "Warwickshire Bears F"]
[Black "Gunatilake, Avishka"]
[BlackElo "1067"]
[BlackTeam "Bristol Bishops"]
[Result "1-0"]
[PlyCount "117"]

1. e4 e5 2. Nf3 Nc6 3. Bc4 Bc5 4. Nc3 Nf6 5. O-O d6 6. h3 O-O 7. d3 h6 8. Be3 Bxe3 9. fxe3 Be6 10. Nd2 Bxc4 11. Nxc4 Qd7 12. a3 a6 13. Nd5 Nxd5 14. exd5 Ne7 15. d4 Nxd5 16. e4 Nf4 17. g3 Ne6 18. Qg4 exd4 19. Rad1 Qe7 20. c3 dxc3 21. bxc3 Rfe8 22. Ne3 Ng5 23. Nd5 Qxe4 24. Nxc7 Qxg4 25. hxg4 Nh3+ 26. Kg2 Re2+ 27. Kxh3 Rc8 28. Nd5 Re5 29. Rfe1 Rg5 30. Ne7+ Kh7 31. Nxc8 Rc5 32. Nxd6 Rxc3 33. Nxb7 Rxa3 34. Ra1 Rb3 35. Nc5 Rc3 36. Nxa6 Rc6 37. Rec1 Rb6 38. Rcb1 Re6 39. Nc5 Re5 40. Nd3 Re3 41. Nf4 g5 42. Nd5 Kg6 43. Nxe3 Kf6 44. Rf1+ Ke5 45. Nc2 Ke6 46. Rad1 Ke7 47. Rfe1+ Kf8 48. Rd8+ Kg7 49. Ree8 Kf6 50. Rd6+ Kg7 51. Nd4 h5 52. gxh5 g4+ 53. Kxg4 Kh7 54. Re5 f5+ 55. Nxf5 Kg8 56. Rd7 Kf8 57. Ra5 Ke8 58. Rb7 Kd8 59. Ra8# {[W: 0:07:02; B: 0:06:39]} 1-0

[Event "Junior Online 4NCL Division 2"]
[Site "online"]
[Date "2021.04.01"]
[EventDate "2021.04.01"]
[Round "6.33"]
[White "Bleeg, Julian"]
[WhiteElo "797"]
[WhiteTeam "Bristol Bishops"]
[Black "Sagyaman, Vassily M"]
[BlackElo "1126"]
[BlackTeam "Warwickshire Bears F"]
[Result "0-1"]
[PlyCount "36"]

1. e4 e5 2. Nf3 Nc6 3. Nc3 Nf6 4. Bc4 Bc5 5. O-O O-O 6. d3 d6 7. Re1 Bg4 8. h3 Bh5 9. Bg5 h6 10. Bh4 Re8 11. Qd2 Kh8 12. Bxf6 Qxf6 13. Nd5 Qg6 14. Nxc7 Bxf3 15. g3 Qh5 16. h4 Qg4 17. Kh2 g5 18. Nxe8 Rxe8 {[W: 0:06:47; B: 0:08:37]} 0-1

[Event "Junior Online 4NCL Division 2"]
[Site "online"]
[Date "2021.04.01"]
[EventDate "2021.04.01"]
[Round "6.34"]
[White "Murthy, Rishab"]
[WhiteElo "1119"]
[WhiteTeam "Warwickshire Bears F"]
[Black "Platt, Bella"]
[BlackElo "754"]
[BlackTeam "Bristol Bishops"]
[Result "1-0"]
[PlyCount "43"]

1. d4 d5 2. Nc3 Nf6 3. Bf4 Bd7 4. Nf3 Nc6 5. Nb5 a6 6. Nxc7+ Qxc7 7. Bxc7 Rc8 8. Bf4 Bf5 9. a3 e6 10. Ne5 Nxd4 11. Qxd4 Rxc2 12. Rc1 Rxc1+ 13. Bxc1 b6 14. Qxb6 Ne4 15. e3 f6 16. Qb8+ Ke7 17. Nc6+ Kf7 18. Bxa6 e5 19. Qa7+ Kg6 20. Ne7+ Kf7 21. Nxf5+ Ke6 22. Bc8# {[W: 0:07:10; B: 0:08:20]} 1-0

[Event "Junior Online 4NCL Division 2"]
[Site "online"]
[Date "2021.04.01"]
[EventDate "2021.04.01"]
[Round "6.35"]
[White "Madoc, Arthur"]
[WhiteElo "1160"]
[WhiteTeam "Warwickshire Bears F"]
[Black "Gunatilake, Dyansa"]
[BlackElo "1163"]
[BlackTeam "Bristol Bishops"]
[Result "1-0"]
[PlyCount "51"]

1. e4 e5 2. Nf3 Nc6 3. Bc4 Bc5 4. d3 Nf6 5. Nc3 d6 6. Bg5 h6 7. Bh4 g5 8. Bg3 Be6 9. Bb3 Qe7 10. O-O O-O-O 11. Nd5 Nxd5 12. exd5 Na5 13. dxe6 Nxb3 14. axb3 Qxe6 15. c3 Rhe8 16. b4 Bb6 17. d4 exd4 18. Nxd4 Bxd4 19. cxd4 Kb8 20. Qa4 a6 21. b5 c6 22. bxc6 bxc6 23. Qxa6 Kc7 24. Qa7+ Kc8 25. Qa8+ Kd7 26. Ra7# {[W: 0:09:00; B: 0:09:35]} 1-0

[Event "Junior Online 4NCL Division 2"]
[Site "online"]
[Date "2021.04.01"]
[EventDate "2021.04.01"]
[Round "6.36"]
[White "Gunatilake, Avishka"]
[WhiteElo "1067"]
[WhiteTeam "Bristol Bishops"]
[Black "Manyam, Satvik"]
[BlackElo "1136"]
[BlackTeam "Warwickshire Bears F"]
[Result "0-1"]
[PlyCount "70"]

1. e4 e5 2. Bc4 Nf6 3. Nf3 Bc5 4. Nc3 O-O 5. d3 h6 6. Be3 d6 7. Bxc5 dxc5 8. O-O Be6 9. Bxe6 fxe6 10. Nxe5 Nc6 11. Ng6 Rf7 12. Nf4 Qd6 13. a3 Qxf4 14. b4 cxb4 15. axb4 Nxb4 16. Rb1 Nc6 17. Nb5 a6 18. Na3 Qd6 19. Rxb7 Qxa3 20. Rb5 Nd4 21. Rb1 Qc5 22. Qd2 Qxc2 23. Qe3 Ne2+ 24. Kh1 Nc3 25. Rbc1 Qb3 26. Qd4 Ne2 27. Qe3 Nxc1 28. Rxc1 Rb8 29. f3 Qb1 30. Rg1 Qb6 31. Qxb6 Rxb6 32. Rf1 Rf8 33. Rc1 a5 34. Rxc7 Rb1+ 35. Rc1 Rxc1# {[W: 0:04:02; B: 0:05:58]} 0-1

[Event "Junior Online 4NCL Division 2"]
[Site "online"]
[Date "2021.04.01"]
[EventDate "2021.04.01"]
[Round "6.37"]
[White "Sagyaman, Vassily M"]
[WhiteElo "1126"]
[WhiteTeam "Warwickshire Bears F"]
[Black "Bleeg, Julian"]
[BlackElo "797"]
[BlackTeam "Bristol Bishops"]
[Result "1-0"]
[PlyCount "69"]

1. e4 e5 2. Nf3 Nc6 3. Bb5 a6 4. Ba4 Nf6 5. O-O Nxe4 6. Re1 Nf6 7. Nxe5 Nxe5 8. Rxe5+ Be7 9. Nc3 O-O 10. Qe2 Bd6 11. Re3 Re8 12. Rxe8+ Qxe8 13. Qxe8+ Nxe8 14. d3 Bb4 15. a3 Bxc3 16. bxc3 Nf6 17. Bb2 d6 18. Re1 Bf5 19. c4 b5 20. cxb5 axb5 21. Bxb5 h6 22. Bxf6 gxf6 23. Re8+ Rxe8 24. Bxe8 Kg7 25. a4 Kf8 26. a5 Kxe8 27. a6 Bc8 28. a7 Bb7 29. g4 Kd7 30. f4 Kc6 31. h4 Kb6 32. g5 hxg5 33. h5 gxf4 34. h6 Kxa7 35. h7 {[W: 0:10:15; B: 0:09:07]} 1-0

[Event "Junior Online 4NCL Division 2"]
[Site "online"]
[Date "2021.04.01"]
[EventDate "2021.04.01"]
[Round "6.38"]
[White "Platt, Bella"]
[WhiteElo "754"]
[WhiteTeam "Bristol Bishops"]
[Black "Murthy, Rishab"]
[BlackElo "1119"]
[BlackTeam "Warwickshire Bears F"]
[Result "0-1"]
[PlyCount "76"]

1. e4 e5 2. Nf3 Nc6 3. Bc4 d6 4. d3 Be7 5. O-O Nf6 6. Nc3 O-O 7. Ng5 h6 8. Bxf7+ Rxf7 9. Nxf7 Kxf7 10. Nd5 Nxd5 11. exd5 Nb4 12. c3 Nxd5 13. c4 Nf6 14. Qf3 Bg4 15. Qxb7 Be2 16. Re1 Bxd3 17. b3 Qb8 18. Qf3 Bg6 19. Be3 Be4 20. Qe2 Bg6 21. Rad1 Bh5 22. Qd2 Bxd1 23. Qxd1 Qc8 24. b4 Qa6 25. c5 dxc5 26. bxc5 Rd8 27. Qb3+ Ke8 28. Rb1 Ne4 29. f3 Nd2 30. Bxd2 Bxc5+ 31. Kh1 Rxd2 32. Qb8+ Kd7 33. h3 Qd6 34. Rb7 Rd1+ 35. Kh2 e4+ 36. g3 Bg1+ 37. Kg2 Qd2+ 38. Kh1 Qh2# {[W: 0:08:04; B: 0:01:34]} 0-1

[Event "Junior Online 4NCL Division 2"]
[Site "online"]
[Date "2021.04.01"]
[EventDate "2021.04.01"]
[Round "6.41"]
[White "Maladkar, Lavanya"]
[WhiteElo "1719"]
[WhiteTeam "Maid Marians"]
[Black "Brown, Kingsley"]
[BlackElo "1336"]
[BlackTeam "Border Bandits 1"]
[Result "1-0"]
[PlyCount "53"]

1. d4 d5 2. c4 dxc4 3. e4 b5 4. a4 Ba6 5. axb5 Bxb5 6. Nc3 Qd7 7. Nf3 f6 8. Nd2 Qc6 9. Qh5+ g6 10. Qxb5 Qxb5 11. Nxb5 Kd8 12. Bxc4 Nc6 13. Bd5 Kd7 14. Nxa7 Nxd4 15. Bxa8 Nc2+ 16. Ke2 Nxa1 17. Bc6+ Kd6 18. Ba4 Bg7 19. Nc4+ Kc5 20. Be3+ Kxc4 21. Rxa1 f5 22. Rc1+ Kb4 23. b3 Bc3 24. Nc6+ Ka3 25. Rxc3 e6 26. Rc2 Nf6 27. Bc5# {[W: 0:01:38; B: 0:02:49]} 1-0

[Event "Junior Online 4NCL Division 2"]
[Site "online"]
[Date "2021.04.01"]
[EventDate "2021.04.01"]
[Round "6.42"]
[White "Sapsford, Oliver"]
[WhiteElo "1237"]
[WhiteTeam "Border Bandits 1"]
[Black "Wang, Susie"]
[BlackElo "1760"]
[BlackTeam "Maid Marians"]
[Result "0-1"]
[PlyCount "80"]

1. e4 e5 2. Nf3 Nc6 3. Bc4 Bc5 4. d3 Nf6 5. Ng5 O-O 6. a3 h6 7. b4 Bd4 8. c3 Bb6 9. Nf3 a6 10. a4 d6 11. a5 Ba7 12. O-O Be6 13. Qb3 d5 14. exd5 Bxd5 15. Bxd5 Nxd5 16. c4 Ndxb4 17. Ba3 Bc5 18. Bxb4 Nxb4 19. Nxe5 Bd4 20. Qxb4 Bxa1 21. Nc3 Bxc3 22. Qxc3 Qd6 23. d4 Rad8 24. Rd1 Qxe5 25. g3 Qf6 26. Qb2 Rfe8 27. Qxb7 Rxd4 28. Rb1 Rxc4 29. Qxa6 Qxa6 30. Rd1 Rc2 31. Kg2 Qe2 32. Rf1 Qe4+ 33. Kg1 Qf3 34. a6 Ra2 35. a7 Rxa7 36. h4 Ra2 37. h5 Ree2 38. g4 Rxf2 39. Rxf2 Qxf2+ 40. Kh1 Qg2# {[W: 0:08:48; B: 0:06:15]} 0-1